El intento concordatario de la Segunda República / (Record no. 15936)

MARC details
000 -LEADER
campo de control de longitud fija 01009nam a2200265 i 4500
001 - NÚMERO DE CONTROL
campo de control 15936
003 - IDENTIFICADOR DE NÚMERO DE CONTROL
campo de control ES-MaACL
005 - FECHA Y HORA DE LA ÚLTIMA TRANSACCIÓN
campo de control 20250731005147.0
007 - CAMPO FIJO DE DESCRIPCIÓN FÍSICA--INFORMACIÓN GENERAL
campo de control de longitud fija t|
008 - DATOS DE LONGITUD FIJA--INFORMACIÓN GENERAL
campo de control de longitud fija 000524s1999 sp ||||1| spa d
020 ## - NÚMERO INTERNACIONAL ESTÁNDAR DEL LIBRO
Número Internacional Estándar del Libro 84-95265-10-9
080 ## - NÚMERO DE LA CLASIFICACIÓN DECIMAL UNIVERSAL
Número de la Clasificación Decimal Universal 261.7(460)"19"
080 ## - NÚMERO DE LA CLASIFICACIÓN DECIMAL UNIVERSAL
Número de la Clasificación Decimal Universal 348.711.4(460)"19"
100 1# - ENTRADA PRINCIPAL--NOMBRE DE PERSONA
Nombre de persona Vázquez García-Peñuela, José María.
9 (RLIN) 113445
245 13 - MENCIÓN DEL TÍTULO
Título El intento concordatario de la Segunda República /
Mención de responsabilidad, etc. José María Vázquez García-Peñuela.
260 ## - PUBLICACIÓN, DISTRIBUCIÓN, ETC.
Lugar de publicación, distribución, etc. Madrid :
Nombre del editor, distribuidor, etc. Ministerio de Asuntos Exteriores, Secretaría General Técnica,
Fecha de publicación, distribución, etc. [1999]
300 ## - DESCRIPCIÓN FÍSICA
Extensión 251 p. ;
Dimensiones 25 cm.
490 1# - MENCIÓN DE SERIE
Mención de serie Biblioteca diplomática española. Sección Estudios ;
Designación de volumen o secuencia 19
650 #4 - PUNTO DE ACCESO ADICIONAL DE MATERIA--TÉRMINO DE MATERIA
Término de materia o nombre geográfico como elemento de entrada Iglesia y Estado-
Subdivisión geográfica España-
Subdivisión cronológica S.XX.
9 (RLIN) 13561
650 14 - PUNTO DE ACCESO ADICIONAL DE MATERIA--TÉRMINO DE MATERIA
Término de materia o nombre geográfico como elemento de entrada Concordatos-
Subdivisión geográfica España-
Subdivisión cronológica S.XX.
9 (RLIN) 11250
710 2# - ENTRADA AGREGADA--NOMBRE DE ENTIDAD CORPORATIVA
Nombre de entidad corporativa o nombre de jurisdicción como elemento de entrada España.
Unidad subordinada Ministerio de Asuntos Exteriores.
9 (RLIN) 3845
830 00 - PUNTO DE ACCESO ADICIONAL DE SERIE-TÍTULO UNIFORME
Título uniforme Biblioteca diplomática española.
Nombre de parte o sección de la obra Estudios
Designación de volumen o secuencia 19
9 (RLIN) 179518
852 ## - LOCALIZACIÓN
Ubicación ES-MaACL
Número de control de estantería L-22826
Sublocalización o colección R.128197
Holdings
Estatus retirado Estado de pérdida Estado de daño No para préstamo Biblioteca de origen Biblioteca actual Ubicación en estantería Fecha de adquisición Fuente de adquisición Total de préstamos Signatura topográfica completa Código de barras Visto por última vez Precio de reemplazo Tipo de ítem Koha
        Biblioteca del Ateneo de Madrid Biblioteca del Ateneo de Madrid Depósito 2 17/01/2008     L-22826 1016197 23/02/2023 23/02/2023 Libro impreso